<?xml version="1.0" encoding="UTF-8"?>
<record
    xmlns:xsi="http://www.w3.org/2001/XMLSchema-instance"
    xsi:schemaLocation="http://www.loc.gov/MARC21/slim http://www.loc.gov/standards/marcxml/schema/MARC21slim.xsd"
    xmlns="http://www.loc.gov/MARC21/slim">

  <leader>04870nam a2200481Ii 4500</leader>
  <controlfield tag="001">DIGUDS05143</controlfield>
  <controlfield tag="003">NyNyDIG</controlfield>
  <controlfield tag="006">m     o  d        </controlfield>
  <controlfield tag="007">cr |||||||||||</controlfield>
  <controlfield tag="008">140101s2008    sp a    ob    000 0 spa d</controlfield>
  <datafield tag="020" ind1=" " ind2=" ">
    <subfield code="a">9788490122068</subfield>
    <subfield code="q">(eBook)</subfield>
  </datafield>
  <datafield tag="020" ind1=" " ind2=" ">
    <subfield code="z">9788478003075 </subfield>
  </datafield>
  <datafield tag="020" ind1=" " ind2=" ">
    <subfield code="z">847800307X </subfield>
  </datafield>
  <datafield tag="035" ind1=" " ind2=" ">
    <subfield code="a">(OCoLC)958460427</subfield>
  </datafield>
  <datafield tag="040" ind1=" " ind2=" ">
    <subfield code="a">DGITA</subfield>
    <subfield code="b">eng</subfield>
    <subfield code="e">pn</subfield>
    <subfield code="c">DGITA</subfield>
  </datafield>
  <datafield tag="043" ind1=" " ind2=" ">
    <subfield code="a">e-sp---</subfield>
    <subfield code="a">mm-----</subfield>
  </datafield>
  <datafield tag="050" ind1="1" ind2="4">
    <subfield code="a">PQ6157.5 eBook</subfield>
  </datafield>
  <datafield tag="111" ind1="2" ind2=" ">
    <subfield code="a">Coloquio Internacional sobre Relaciones de Sucesos</subfield>
    <subfield code="n">(4th :</subfield>
    <subfield code="d">2004 :</subfield>
    <subfield code="c">Paris, France)</subfield>
  </datafield>
  <datafield tag="245" ind1="1" ind2="0">
    <subfield code="a">Espana y el mundo mediterr&#xE1;neo a trav&#xE9;s de las Relaciones de sucesos 1500-1750 :</subfield>
    <subfield code="b">actas del IV Coloquio Internacional sobre Relaciones de sucesos : Par&#xED;s, 23-25 de septiembre de 2004 /</subfield>
    <subfield code="c">[Pierre Civil, Fran&#xE7;oise Cr&#xE9;moux, Jacobo Sanz, eds.].</subfield>
  </datafield>
  <datafield tag="250" ind1=" " ind2=" ">
    <subfield code="a">1. ed.</subfield>
  </datafield>
  <datafield tag="264" ind1=" " ind2="1">
    <subfield code="a">Salamanca :</subfield>
    <subfield code="b">Ediciones Universidad de Salamanca ;</subfield>
    <subfield code="a">Madrid:</subfield>
    <subfield code="b">Sociedad Internacional para el Estudio de las Relaciones de Sucesos ;</subfield>
    <subfield code="a">Paris :</subfield>
    <subfield code="b">Publications de la Sorbonne nouvelle, Paris III ;</subfield>
    <subfield code="a">Saint-Denis:</subfield>
    <subfield code="b">Paris 8 Universit&#xE9;, Vincennes a Saint-Denis,</subfield>
    <subfield code="c">2008.</subfield>
  </datafield>
  <datafield tag="300" ind1=" " ind2=" ">
    <subfield code="a">1 online resource (365 pages) :</subfield>
    <subfield code="b">ill. </subfield>
  </datafield>
  <datafield tag="336" ind1=" " ind2=" ">
    <subfield code="a">text</subfield>
    <subfield code="b">txt</subfield>
    <subfield code="2">rdacontent</subfield>
  </datafield>
  <datafield tag="337" ind1=" " ind2=" ">
    <subfield code="a">computer</subfield>
    <subfield code="b">c</subfield>
    <subfield code="2">rdamedia</subfield>
  </datafield>
  <datafield tag="338" ind1=" " ind2=" ">
    <subfield code="a">online resource</subfield>
    <subfield code="b">cr</subfield>
    <subfield code="2">rdacarrier</subfield>
  </datafield>
  <datafield tag="490" ind1="1" ind2=" ">
    <subfield code="a">Colecci&#xF3;n Aquilafuente ;</subfield>
    <subfield code="v">143. </subfield>
  </datafield>
  <datafield tag="504" ind1=" " ind2=" ">
    <subfield code="a">Includes bibliographical references.</subfield>
  </datafield>
  <datafield tag="505" ind1="0" ind2=" ">
    <subfield code="a">Presentaci&#xF3;n -- Nota Bene -- Ceuta en la "relaci&#xF3;n" de Diego de Torres / Rica Amran -- Las figuras del renegado y del m&#xE1;rtir, met&#xE1;foras del infierno y del para&#xED;so / Patrick Begrand -- El mar mediterr&#xE1;neo en las relaciones manuscritas espa&#xF1;olas del siglo de oro conservadas en bibliotecas italianas / Mar&#xED;a Teresa Cacho -- Espa&#xF1;a y el mundo mediterr&#xE1;neo : advocaciones y milagros en las relaciones po&#xE9;ticas de martirios a finales del siglo xvi / Eva Bel&#xE9;n Carro Carbajal -- Reencuentros y peripecias: el recurso de la anagn&#xF3;risis en relaciones de sucesos espa&#xF1;olas de los siglos xvi y xvii / Claudia Carranza Vera -- Nuevas "relaciones de sucesos" en la biblioteca de ajuda (Lisboa) / Ma. Beatriz Cas&#xE1;s Ferre&#xF1;o -- Entre Espa&#xF1;a e Italia: materia religiosa y figuras de devoci&#xF3;n en relaciones del siglo xvii / Pierre Civil -- El mediterr&#xE1;neo bajo la protecci&#xF3;n de la virgen a trav&#xE9;s de algunos tipos de "relaciones" de milagros en los siglos xvi y xvii / Fran&#xE7;oise Cr&#xE9;moux -- El mediterr&#xE1;neo en guerra: relaciones y gacetas espa&#xF1;olas sobre la guerra contra los turcos en la d&#xE9;cada de 1680 / Javier D&#xED;az Noci -- La relaci&#xF3;n del terremoto en el mediterr&#xE1;neo, 1504-1542 / Nancy Joe Dyer -- Datos para un repertorio de impresos sevillanos en torno al terremoto de 1755 / Carmen Espejo Cala -- "rela&#xE7;i&#xF3;n de los suzessos de Zerde&#xF1;a desde el principio de las cortes que zelebr&#xF3; el marqu&#xE9;s de Camarassa hasta su muerte..." / Marta Gali&#xF1;anes Y Marina Romero -- </subfield>
  </datafield>
  <datafield tag="505" ind1="0" ind2=" ">
    <subfield code="a">El imaginario pol&#xED;tico del mediterr&#xE1;neo en la "relaci&#xF3;n de las suntuosas y ricas fiestas" de Pedro de Oviedo / Jos&#xE9; Jaime Garc&#xED;a Bernal -- La relaci&#xF3;n de cat&#xE1;strofes "naturales" y "sobrenaturales" como profec&#xED;a anti-turca en pliegos sueltos po&#xE9;ticos del s. Xvi / Laura Puerto Moro -- La lucha naval con turcos y berberiscos en el mediterr&#xE1;neo seg&#xFA;n las relaciones de sucesos (siglo xvii) / Didier Rault -- Un pliego suelto po&#xE9;tico de Gaspar de la cintera sobre algunas batallas navales en el siglo xvi: Velona, Castilnovo y Lepanto / Mar&#xED;a S&#xE1;nchez P&#xE9;rez -- La doble visi&#xF3;n en Espa&#xF1;a de los moriscos expulsados, a trav&#xE9;s de unas cuantas relaciones de sucesos de los a&#xF1;os 1609-1624 / Agust&#xED;n Redondo -- "el gran turco se ha buelto christiano": la difusi&#xF3;n de las conversiones musulmanas y su instrumentalizaci&#xF3;n pol&#xED;tico-religiosa / Jacobo Sanz Hermida -- Aviso y relaci&#xF3;n: tres relaciones por deposici&#xF3;n de mediados del siglo xvi / Emilio Sola -- Mitolog&#xED;a, falsa historiograf&#xED;a y tradici&#xF3;n literaria en una relaci&#xF3;n romanceada de las bodas frustradas de la princesa Ismenia, hermana del gran turco Osm&#xE1;n, con don juan de Austria / Luc Torres -- El viaje de las reinas austriacas a las costas espa&#xF1;olas. La traves&#xED;a de mariana de Austria / Teresa Zapata Fern&#xE1;ndez De La Hoz.</subfield>
  </datafield>
  <datafield tag="650" ind1=" " ind2="0">
    <subfield code="a">Chapbooks, Spanish</subfield>
    <subfield code="x">History</subfield>
    <subfield code="v">Congresses.</subfield>
  </datafield>
  <datafield tag="650" ind1=" " ind2="0">
    <subfield code="a">Mass media and propaganda</subfield>
    <subfield code="z">Mediterranean Region</subfield>
    <subfield code="v">Congresses.</subfield>
  </datafield>
  <datafield tag="651" ind1=" " ind2="0">
    <subfield code="a">Spain</subfield>
    <subfield code="x">History</subfield>
    <subfield code="y">House of Austria, 1516-1700</subfield>
    <subfield code="v">Congresses.</subfield>
  </datafield>
  <datafield tag="655" ind1=" " ind2="0">
    <subfield code="a">Electronic books.</subfield>
  </datafield>
  <datafield tag="700" ind1="1" ind2=" ">
    <subfield code="a">Civil, Pierre.</subfield>
  </datafield>
  <datafield tag="700" ind1="1" ind2=" ">
    <subfield code="a">Cr&#xE9;moux, Fran&#xE7;oise.</subfield>
  </datafield>
  <datafield tag="700" ind1="1" ind2=" ">
    <subfield code="a">Sanz Hermida, Jacobo.</subfield>
  </datafield>
  <datafield tag="791" ind1="2" ind2=" ">
    <subfield code="a">Digitalia (Firm),</subfield>
    <subfield code="e">distributor.</subfield>
  </datafield>
  <datafield tag="830" ind1=" " ind2="0">
    <subfield code="a">Aquilafuente ;</subfield>
    <subfield code="v">143.</subfield>
  </datafield>
  <datafield tag="793" ind1="0" ind2=" ">
    <subfield code="g">Digitalia eBook Collection:</subfield>
    <subfield code="a">Ediciones Universidad de Salamanca.</subfield>
  </datafield>
  <datafield tag="856" ind1="4" ind2="0">
    <subfield code="3">Digitalia Hisp&#xE1;nica</subfield>
    <subfield code="u">https://www.digitaliapublishing.com/a/19290/</subfield>
  </datafield>
  <datafield tag="910" ind1=" " ind2=" ">
    <subfield code="a">Premium Collection: 2007-2012</subfield>
  </datafield>
  <datafield tag="942" ind1=" " ind2=" ">
    <subfield code="c">RAA</subfield>
  </datafield>
  <datafield tag="952" ind1=" " ind2=" ">
    <subfield code="0">0</subfield>
    <subfield code="1">0</subfield>
    <subfield code="4">0</subfield>
    <subfield code="7">0</subfield>
    <subfield code="8">DEH</subfield>
    <subfield code="a">BD-UIN</subfield>
    <subfield code="b">BD-UIN</subfield>
    <subfield code="d">2025-04-25</subfield>
    <subfield code="l">0</subfield>
    <subfield code="r">2025-04-25</subfield>
    <subfield code="w">2025-04-25</subfield>
    <subfield code="y">RAA</subfield>
  </datafield>
  <datafield tag="999" ind1=" " ind2=" ">
    <subfield code="c">236403</subfield>
    <subfield code="d">236403</subfield>
  </datafield>
</record>
